00363nam a22001337a 450000500170000000800410001704100120005808200130007010000120008324500400009526000380013530000310017365000250020420240828090540.0240828b |||||||| |||| 00| 0 eng d aEnglish a349 LAW  lEnglish aThe Laws of South West Africa 1984  aWindhoek: bBy Authority, c1984  bxxxiv, 40 pages; c25 cm.  aLegal practice bLaw